Holocausto y memoria /
Guardado en:
| Autor Principal: | |
|---|---|
| Otros Autores: | , |
| Formato: | Libro |
| Idioma: | Undetermined |
| Publicado: |
Jerusalén :
Centro Zalman Shazar de Historia Judía : Yad Vashem,
2003.
|
| Materias: | |
| Etiquetas: |
Agregar Etiqueta
Sin Etiquetas, Sea el primero en etiquetar este registro!
|
| LEADER | 01794nam a22002415a 4500 | ||
|---|---|---|---|
| 001 | CEM.cems024588 | ||
| 008 | 250512s2003####xx############000#0#und#d | ||
| 005 | 20250512165416.0 | ||
| 245 | 1 | 0 | |a Holocausto y memoria / |c Israel Gutman ; con la coolaboración de Naama Galil. |
| 260 | |a Jerusalén : |b Centro Zalman Shazar de Historia Judía : |b Yad Vashem, |c 2003. | ||
| 300 | |a 400 p. | ||
| 500 | |a Editor de la versión española Avraham Milgram. | ||
| 500 | |a Glosario p. 381. | ||
| 500 | |a Índice de nombres y lugares p. 394. | ||
| 505 | 0 | |a La ideología Nacional Socialista y los judíos -- Aislamiento, exclusión y terror -- Exiliados en su patria: los judíos alemanes, 1933-1939 -- La actitud del mundo ante la crisis del judaísmo alemán 1933-1939 -- La política nazi a partir de la ocupación de Polonia -- Confinamiento y aislamiento: la vida de los judíos en los ghettos -- Los Judenräte - el liderazgo judío en la trampa de la ocupación nazi -- Los judíos de Europa Occidental bajo el dominio nazi -- Operación Barbarossa y el exterminio de los judíos de los territorios soviéticos -- La "Solución Final" -- En el vagón herméticamente cerrado -- El crimen y la impotencia - la resistencia judía al nazismo -- El universo concentracionario -- Países Satélites y Protectorados -- Los judíos de África del Norte durante el Holocausto -- La reacción del mundo ante el Holocausto -- Rescate y supervivencia durante el Holocausto -- El fin de la guerra -- Los sobrevivientes - volver a vivir -- Holocausto y Memoria | |
| 020 | |a 9652271810 | ||
| 100 | 1 | |a Gutman, Israel. | |
| 700 | 1 | |a Galil, Naama; col. | |
| 700 | 1 | |a Milgram, Avraham; ed. | |
| 653 | |a Holocausto | ||
| 653 | |a Judaísmo | ||
| 653 | |a Nazismo | ||
| 859 | |a CEMS |b BIB. CEMS - 11 de abril |h 956.94 |i G985 |p 29796.25 |t Ej.1 | ||
